00730nam a22002417a 45000010005000000030006000050050017000110080041000280200018000690400029000870500017001160820008001331000017001412450038001582600043001963000055002394900018002945050008003125200077003205210029003975210020004267000042004468214FISKH20250903091401.0250903b cb ||||| |||| 00| 0 eng d a9780516243597 aFISKHbengcFISKHdFISKH aTS1268 .S649 a688 aSynder, Inez aWax to crayons /cBy Inez Snyder  aNew York :bChildren's Press , c2003. a24 pages : bcolor illustrations ; c15 x 17 cm .  aWelcome Books aJ  aAn introduction to the process by which wax is transformed into crayons.8 a400 bLexile estimate 8 aJ bRaz-Plus  aSilate, JennifereContributing Editor